000 00338nam a2200133Ia 4500
008 240624s9999 xx 000 0 und d
041 _aeng
082 _a658.8 PAU
100 _aPAUL JUSTIN
245 _aINTERNATIONAL MARKETING TEXT AND CASES
250 _a(2nd ed.)
260 _c2012
_aNew Delhi
_bTata McGraw - Hill
365 _cRS
_b33
999 _c26099
_d26099